LEADER 00670nam a2200193 i 4500 001 000000161846 003 CaOOAMICUS 005 20070530000000.0 008 070530s1912 fr u000 u fre u 013 $a139210 040 $aSeMil$bita 100 1 $aGebhart, Émile,$d<1839-1908>.$0(OLS)http://semarc/name/36156 245 10$aPetits Mémoires /$cÉmile Gebhart. 260 $aParis :$bBloud,$c1912. 300 $a292 p. ;$c18 cm. 850 $aSeMil 852 $aSeMil$W1$xVenegono$y1$m1W I 613$j244087$B113223$CSeMilBibl$Z2$F123808 $81 996 $6245$aPetits Mémoires$9(OLS)http://semarc/title/145197 996 $6260$aParis :$bBloud$9(OLS)http://semarc/publisher/35493 LEADER 01080nam a2200229 4500 001 000000363645 003 CaOOAMICUS 005 20250721121700.0 008 250721s2020 it 000 u ita r 020 $a978-88-511-7795-9 040 $aSeMil$bita 100 1 $aFornero, Giovanni,$d<1950- >.$0(OLS)http://semarc/name/3580 245 10$aIndisponibilità e disponibilità della vita :$buna difesa filosofico giuridica del suicidio assistito e dell'eutanasia volontaria /$cGiovanni Fornero. 264 1$aMilano :$bUTET,$c2020. 300 $a812 p. ;$c24 cm 650 4$aSuicidio assistito.$0(OLS)http://semarc/subject/51990 850 $aSeMil 852 $aSeMil$W1$xVenegono$y1$m2E VI 67$j259992$B254510$CSeMilBibl$Z2$F254510 $81 996 $6020$a978-88-511-7795-9$9(OLS)http://semarc/number/303688 996 $6245$aIndisponibilità e disponibilità della vita :$buna difesa filosofico giuridica del suicidio assistito e dell'eutanasia volontaria$9(OLS)http://semarc/title/454929 996 $6264$aMilano :$bUTET$9(OLS)http://semarc/publisher/60654